01193nabaa22001817a 4500003000400000005001700004008004100021040000700062100003000069245011400099300001300213505049300226505008900719650002700808650002200835650003300857773012100890OSt20260122234020.0190701b xxu||||| |||| 00| 0 spa d cPJ aGirotti, María Cristina13aDelitos y faltas electorales y el nuevo proceso sancionador en el fuero electoral /cMaría Cristina Girott. ap. 21-29 aSumario: I. Introducción.— II. La discusión clásica acerca de la diferencia entre delitos y faltas.— III. Los delitos y las faltas en el Código Nacional Electoral.— IV. Las infracciones en las leyes 26.215 y 26.571.—V. Una reflexión y propuesta.— VI. El problema de las etiquetas frente a la Constitución Nacional.— VII. El proceso sancionatorio en el viejo Código Nacional Electoral.— VIII. El proceso sancionatorio en el Código actual.— IX. Conclusión. t¿Te interesa el texto completo? Comunicate al correo: koha@justierradelfuego.gov.ar 0aDERECHO ADMINISTRATIVO 0aDERECHO ELECTORAL 0aTECNOLOGIA DE LA INFORMACION0 02842dBuenos Aires : AbeledoPerrot, 2012-oDA121tDerecho administrativo. Nº 150 noviembre/diciembre 2023z18510590